I & II Kings; (Record no. 2177)

MARC details
000 -LEADER
fixed length control field 00854cam a2200289 4500
001 - CONTROL NUMBER
control field 2198606
003 - CONTROL NUMBER IDENTIFIER
control field GBCCL
005 - DATE AND TIME OF LATEST TRANSACTION
control field 20241126110421.0
008 - FIXED-LENGTH DATA ELEMENTS--GENERAL INFORMATION
fixed length control field 710115s1970 paub b 000 0 eng
010 ## -
-- 73134271
020 ## - INTERNATIONAL STANDARD BOOK NUMBER
International Standard Book Number 0664208983
040 ## - CATALOGING SOURCE
Original cataloging agency DLC
Transcribing agency DLC
Modifying agency DLC
050 00 -
-- BS1335.3
-- .G7 1970b
082 00 - DEWEY DECIMAL CLASSIFICATION NUMBER
Classification number 222.5077
Item number GRA
100 1# - MAIN ENTRY--PERSONAL NAME
Personal name Gray, John,
Dates associated with a name 1913-2000.
9 (RLIN) 4453
245 10 - TITLE STATEMENT
Title I & II Kings;
Remainder of title a commentary.
250 ## - EDITION STATEMENT
Edition statement 2d, fully rev. ed.
260 ## - PUBLICATION, DISTRIBUTION, ETC.
Place of publication, distribution, etc. Philadelphia,
Name of publisher, distributor, etc. Westminster Press
Date of publication, distribution, etc. [1970]
300 ## - PHYSICAL DESCRIPTION
Extent xviii, 802 p.
Other physical details maps.
Dimensions 23 cm.
350 ## - PRICE (NR) (BK AM CF MU VM SE) [OBSOLETE]
Price $15.00
440 #4 - SERIES STATEMENT/ADDED ENTRY--TITLE
Title The Old Testament library
9 (RLIN) 4454
504 ## - BIBLIOGRAPHY, ETC. NOTE
Bibliography, etc. note Bibliography: p. [777]-802.
630 00 - SUBJECT ADDED ENTRY--UNIFORM TITLE
Uniform title Bible.
Name of part/section of a work Kings
General subdivision Commentaries.
9 (RLIN) 761
730 02 -
-- Bible.
-- Kings.
-- English.
-- 1970.
-- 4455
906 ## - LOCAL DATA ELEMENT F, LDF (RLIN)
a 7
b cbc
c orignew
d 2
e ncip
f 19
g y-gencatlg
942 ## - ADDED ENTRY ELEMENTS (KOHA)
Source of classification or shelving scheme Dewey Decimal Classification
Koha item type Reference Books
Holdings
Withdrawn status Lost status Source of classification or shelving scheme Damaged status Not for loan Home library Current Library Shelving location Date acquired Total checkouts Full call number Barcode Date last seen Copy number Price effective from Koha item type
    Dewey Decimal Classification     GRACE BIBLE COLLEGE GRACE BIBLE COLLEGE Commentary 2017-07-11   222.5077 GRA 000989 2025-05-01 c.1 2017-07-11 Reference Books
© Grace Bible College Library 2025